[Event "6th Int. Championship of Vojvodina"]
[Site "Novi Sad"]
[Date "2015.07.30"]
[Round "8"]
[White "Radovanovic, Nikola"]
[Black "Atalik, Suat"]
[Result "1/2-1/2"]
[WhiteElo "2420"]
[BlackElo "2564"]
[PlyCount "179"]
[EventDate "2015.07.25"]
[EventType "swiss"]
[EventRounds "9"]
[EventCountry "YUG"]

1. d4 f5 2. c4 Nf6 3. Nc3 d6 4. Nf3 g6 5. g3 Bg7 6. Bg2 O-O 7. O-O c6 8. Re1
Na6 9. Rb1 Nc7 10. b4 Be6 11. Qd3 Ne4 12. Ng5 d5 13. c5 Bc8 14. Nf3 a5 15. a3
axb4 16. axb4 f4 17. Bxf4 Rxf4 18. gxf4 Ra3 19. Rbc1 Bf5 20. Nh4 Nxc3 21. Nxf5
N3b5 22. Qb1 gxf5 23. e3 e6 24. Qb2 Ra8 25. Ra1 Rb8 26. Kh1 Kf7 27. Bf3 Bf6 28.
Rg1 Qh8 29. Qd2 Ke7 30. Be2 Rg8 31. Rxg8 Qxg8 32. Bd3 Kd7 33. Be2 Qf8 34. Bd3
Qh6 35. Bf1 Qh5 36. Be2 Qh4 37. Bf1 Bg7 38. Bd3 Qh3 39. Bf1 Qf3+ 40. Bg2 Qh5
41. Bf1 Bf6 42. Be2 Qh6 43. Ra2 Bh4 44. Bf1 Ke7 45. Bd3 Qg7 46. Bf1 Bf6 47. Be2
Kd7 48. Bf1 h5 49. Be2 h4 50. h3 Qh8 51. Kg2 Ke7 52. Kh1 Qe8 53. Ra5 Qb8 54.
Ra2 Kd7 55. Bd3 Be7 56. Qc2 Na6 57. Qb3 Bd8 58. Ra1 Nxd4 59. Qb2 Bf6 60. b5
Nxc5 61. exd4 Nxd3 62. bxc6+ Kc7 63. Qd2 Bxd4 64. Rb1 Nxf2+ 65. Kh2 Qg8 66. Rb3
Bc5 67. cxb7 Ne4 68. Qa5+ Kd7 69. b8=N+ Ke8 70. Qa4+ Kf7 71. Rb7+ Be7 72. Qa3
Qg3+ 73. Qxg3 hxg3+ 74. Kg2 Ke8 75. Nc6 Bd6 76. Nd4 Nc5 77. Rb6 Bxf4 78. Nxe6
Nxe6 79. Rxe6+ Kf7 80. Ra6 d4 81. h4 Be5 82. Kf3 f4 83. Ra5 Ke6 84. h5 d3 85.
Ra3 d2 86. Rd3 Bc3 87. h6 Kf7 88. h7 Kg7 89. Rd7+ Kh8 90. Kg2 1/2-1/2

[Event "6. OPEN International Ch of Vojvodina 20"]
[Site "Novi Sad"]
[Date "2015.07.30"]
[Round "8.2"]
[White "Drazic, Sinisa"]
[Black "Lukovic, Vladimir"]
[Result "1/2-1/2"]
[WhiteElo "2439"]
[BlackElo "2417"]
[PlyCount "53"]
[EventDate "2015.07.25"]

1. d4 d5 2. Nf3 Nf6 3. c4 c6 4. Nc3 a6 5. Bg5 Ne4 6. Bf4 Nxc3 7. bxc3 dxc4 8.
e4 b5 9. Ne5 e6 10. Qf3 Qe7 11. h4 f6 12. Ng4 h5 13. Ne3 Nd7 14. e5 Bb7 15.
Bxc4 fxe5 16. Bg5 Qf7 17. Qe4 bxc4 18. Rb1 Nf6 19. Qxe5 Ng4 20. Qg3 Nxe3 21.
fxe3 c5 22. d5 Bxd5 23. Rb8+ Rxb8 24. Qxb8+ Kd7 25. Qa7+ Ke8 26. Qb8+ Kd7 27.
Qa7+ 1/2-1/2

[Event "6. OPEN International Ch of Vojvodina 20"]
[Site "Novi Sad"]
[Date "2015.07.30"]
[Round "8.3"]
[White "Cabarkapa, Novak"]
[Black "Saric, Sinisa"]
[Result "1/2-1/2"]
[WhiteElo "2377"]
[BlackElo "2420"]
[PlyCount "117"]
[EventDate "2015.07.25"]

1. e4 d5 2. Nc3 dxe4 3. Nxe4 g6 4. d4 Bg7 5. Be3 Nh6 6. Qd2 Nf5 7. O-O-O Qd5 8.
Nc3 Qa5 9. Nf3 O-O 10. Ne5 c6 11. g4 Nxe3 12. Qxe3 Nd7 13. Nc4 Qd8 14. Qg3 b5
15. Ne5 Nxe5 16. dxe5 Qa5 17. f4 Be6 18. h4 b4 19. Nb1 Rfd8 20. Bd3 c5 21. Be4
Rxd1+ 22. Rxd1 Rd8 23. Rxd8+ Qxd8 24. Nd2 Qd7 25. g5 f6 26. gxf6 exf6 27. h5
fxe5 28. hxg6 hxg6 29. Qxg6 exf4 30. Nf3 Bf7 31. Qg5 Qd6 32. Qf5 Qe6 33. Qxe6
Bxe6 34. b3 Bf6 35. Kd2 c4 36. Ke2 Kg7 37. Nd2 cxb3 38. axb3 Kh6 39. Bf3 Kg5
40. Ne4+ Kf5 41. Nf2 Bf7 42. Bg4+ Kg5 43. Bf3 Be7 44. Nd3 Bd6 45. Nf2 Kf5 46.
Kd3 Bg8 47. Be4+ Kg5 48. Bf3 Kf5 49. Be4+ Kg5 50. Bf3 Kf6 51. Ne4+ Ke5 52. Nf2
Bh7+ 53. Be4 Bg8 54. Ng4+ Ke6 55. Nh6 Bf7 56. Bf5+ Kf6 57. Nxf7 Kxf7 58. Ke4
Kf6 59. Bh7 1/2-1/2

[Event "6. OPEN International Ch of Vojvodina 20"]
[Site "Novi Sad"]
[Date "2015.07.30"]
[Round "8.4"]
[White "Kadric, Denis"]
[Black "Desnica, Vladan"]
[Result "1-0"]
[WhiteElo "2511"]
[BlackElo "2253"]
[PlyCount "65"]
[EventDate "2015.07.25"]

1. e4 e5 2. Nf3 Nc6 3. Bc4 Nf6 4. d3 Bc5 5. O-O d6 6. c3 a6 7. Bb3 Ba7 8. h3
O-O 9. Be3 Bxe3 10. fxe3 d5 11. exd5 Nxd5 12. Qe1 Be6 13. Nbd2 Qe7 14. d4 Nb6
15. Bc2 h6 16. Qg3 Nc4 17. Nxc4 Bxc4 18. Rf2 exd4 19. exd4 Rae8 20. Nd2 Bd5 21.
Raf1 b5 22. Bb1 Na5 23. b3 Qd6 24. Qd3 g6 25. c4 bxc4 26. bxc4 Ba8 27. Qc3 Nc6
28. Ne4 Rxe4 29. Bxe4 Nxd4 30. Bxa8 Rxa8 31. c5 Qd5 32. Rd2 Rd8 33. Kh1 1-0

[Event "6. OPEN International Ch of Vojvodina 20"]
[Site "Novi Sad"]
[Date "2015.07.30"]
[Round "8.5"]
[White "Costachi, Mihnea"]
[Black "Jovicic, Radosav"]
[Result "1-0"]
[WhiteElo "2360"]
[BlackElo "2207"]
[PlyCount "49"]
[EventDate "2015.07.25"]

1. d4 Nf6 2. c4 g6 3. Nc3 Bg7 4. e4 O-O 5. Be2 d6 6. Bg5 a6 7. f4 h6 8. Bh4 Nh7
9. Nf3 Bg4 10. O-O Nc6 11. d5 Bxf3 12. Rxf3 Nd4 13. Rd3 Nxe2+ 14. Qxe2 f6 15.
Bf2 g5 16. f5 Qe8 17. Nd1 a5 18. Ne3 Qd8 19. b4 b6 20. Rb1 Qd7 21. Rdb3 Qe8 22.
g4 Qd7 23. Qd2 Rac8 24. bxa5 bxa5 25. Qxa5 1-0

[Event "6. OPEN International Ch of Vojvodina 20"]
[Site "Novi Sad"]
[Date "2015.07.30"]
[Round "8.6"]
[White "Leroy, Didier"]
[Black "Lajthajm, Borko"]
[Result "0-1"]
[WhiteElo "2290"]
[BlackElo "2443"]
[PlyCount "26"]
[EventDate "2015.07.25"]

1. e4 e5 2. Nf3 Nc6 3. Nc3 Bc5 4. Nxe5 Nxe5 5. d4 Bd6 6. dxe5 Bxe5 7. Bd3 Nf6
8. O-O O-O 9. h3 Re8 10. Re1 c6 11. f4 Bd4+ 12. Kh2 d5 13. exd5 Ng4+ 0-1

[Event "6. OPEN International Ch of Vojvodina 20"]
[Site "Novi Sad"]
[Date "2015.07.30"]
[Round "8.7"]
[White "Nadj Hedjesi, Balind"]
[Black "Tuturin, Sergey"]
[Result "1-0"]
[WhiteElo "2410"]
[BlackElo "2242"]
[PlyCount "83"]
[EventDate "2015.07.25"]

1. Nc3 e6 2. g4 d5 3. Bg2 h5 4. gxh5 Nf6 5. e4 d4 6. Nce2 Nxh5 7. d3 e5 8. Nf3
c5 9. Nxe5 Qf6 10. Nc4 Nc6 11. Ng3 Qg6 12. e5 Nxg3 13. hxg3 Bg4 14. f3 Rxh1+
15. Bxh1 Be6 16. Bf4 Bxc4 17. dxc4 Nb4 18. Kd2 O-O-O 19. Bg2 Qf5 20. a3 g5 21.
axb4 gxf4 22. Qh1 Kb8 23. Qh4 Re8 24. gxf4 Qe6 25. b3 Bh6 26. Re1 Qb6 27. bxc5
Qa5+ 28. Ke2 Rg8 29. Bh1 Qc3 30. Qxh6 Qxc2+ 31. Kf1 Qd3+ 32. Kf2 Qd2+ 33. Re2
Qd1 34. Qd6+ Kc8 35. Bg2 Rxg2+ 36. Kxg2 Qxe2+ 37. Kg3 d3 38. Qf8+ Kd7 39. Qxf7+
Kd8 40. e6 Qe1+ 41. Kg4 Qg1+ 42. Kf5 1-0

[Event "6. OPEN International Ch of Vojvodina 20"]
[Site "Novi Sad"]
[Date "2015.07.30"]
[Round "8.8"]
[White "Mesaros, Florian"]
[Black "Titov, Ivan"]
[Result "1-0"]
[WhiteElo "2390"]
[BlackElo "2172"]
[PlyCount "73"]
[EventDate "2015.07.25"]

1. Nf3 d6 2. d4 Bg4 3. e4 Nf6 4. Nbd2 e6 5. Bd3 d5 6. O-O Be7 7. c4 dxe4 8.
Nxe4 O-O 9. Be3 Nc6 10. Ned2 Bb4 11. Be2 Bd6 12. a3 a5 13. Nb1 Nb8 14. Nc3 c6
15. Ne5 Bxe2 16. Qxe2 Nfd7 17. Rad1 Qh4 18. f4 f5 19. Bf2 Qh6 20. d5 exd5 21.
cxd5 Re8 22. dxc6 Nxe5 23. cxb7 Ra6 24. Nb5 Re6 25. Nd4 Qxf4 26. Bg3 Qxd4+ 27.
Rxd4 Bc5 28. Bf2 Bxd4 29. Bxd4 Ned7 30. Qb5 g6 31. Rc1 Rad6 32. Ba7 Nc6 33.
b8=Q+ Ndxb8 34. Bxb8 Rd2 35. Bf4 Nd4 36. Rc8+ Kf7 37. Qd7+ 1-0

[Event "6. OPEN International Ch of Vojvodina 20"]
[Site "Novi Sad"]
[Date "2015.07.30"]
[Round "8.9"]
[White "Radovanovic, Mihajlo"]
[Black "Martic, Ivan"]
[Result "1-0"]
[WhiteElo "2245"]
[BlackElo "2383"]
[PlyCount "143"]
[EventDate "2015.07.25"]

1. Nf3 Nf6 2. c4 g6 3. g3 Bg7 4. Bg2 d5 5. cxd5 Nxd5 6. d4 Nb6 7. O-O Nc6 8. e3
O-O 9. Nc3 Re8 10. Nh4 e5 11. d5 Na5 12. Rb1 e4 13. Nxe4 Nxd5 14. Qa4 c6 15.
Bd2 b6 16. Bxa5 bxa5 17. Qxc6 Rb8 18. Nd6 Re6 19. Nxf7 Qf6 20. Qxd5 Qxf7 21.
Qxa5 Re5 22. Qa4 Rc5 23. b4 Rcb5 24. a3 Be6 25. Rbc1 Bb2 26. Rc5 Rxc5 27. bxc5
Bc4 28. Rd1 Bb3 29. Qxb3 Rxb3 30. Bd5 Rxa3 31. Bxf7+ Kxf7 32. c6 Ke6 33. Nf3
Ra1 34. Rxa1 Bxa1 35. Kf1 Kd6 36. Ke2 Kxc6 37. Kd3 Kc5 38. Ng5 h5 39. Ne6+ Kb4
40. Kc2 Be5 41. f4 Bf6 42. e4 Kc4 43. e5 Be7 44. Ng7 Kd5 45. Ne8 h4 46. Kd3 h3
47. Nc7+ Kc6 48. Ne6 Kd5 49. Nd4 g5 50. Nf5 Bc5 51. Ne3+ Ke6 52. Ke4 gxf4 53.
gxf4 a5 54. f5+ Kf7 55. e6+ Kg8 56. Nd5 a4 57. Nc3 a3 58. f6 Bd6 59. Kf5 Bxh2
60. Kg6 Kf8 61. e7+ Ke8 62. f7+ Kxe7 63. Kg7 Be5+ 64. Kg8 Bxc3 65. f8=Q+ Kd7
66. Qf5+ Kc6 67. Qf3+ Kb5 68. Qxc3 h2 69. Qb3+ Kc6 70. Qc2+ Kb5 71. Qxh2 Kb4
72. Qc2 1-0

[Event "6. OPEN International Ch of Vojvodina 20"]
[Site "Novi Sad"]
[Date "2015.07.30"]
[Round "8.10"]
[White "Pantelic, Sasa"]
[Black "Ovchinnikov, Vsevolod"]
[Result "1/2-1/2"]
[WhiteElo "2324"]
[BlackElo "2231"]
[PlyCount "65"]
[EventDate "2015.07.25"]

1. d4 Nf6 2. c4 g6 3. g3 d5 4. cxd5 Nxd5 5. e4 Nb6 6. Bg2 Bg7 7. Ne2 O-O 8.
Nbc3 e5 9. d5 c6 10. O-O cxd5 11. exd5 Bf5 12. a4 Na6 13. b3 Qd7 14. Ba3 Rfd8
15. d6 Bh3 16. Nb5 Bxg2 17. Kxg2 Nc5 18. Rc1 Ne6 19. Nc7 Rab8 20. Qc2 Rbc8 21.
Rfd1 Bh6 22. Rb1 Na8 23. Qe4 Naxc7 24. dxc7 Qxc7 25. h4 Qc6 26. Qxc6 Rxc6 27.
Rxd8+ Nxd8 28. Rd1 Ne6 29. Rd7 Rc7 30. Rxc7 Nxc7 31. Bd6 Ne6 32. Bxe5 Nc5 33.
Bd4 1/2-1/2

[Event "6. OPEN International Ch of Vojvodina 20"]
[Site "Novi Sad"]
[Date "2015.07.30"]
[Round "8.11"]
[White "Cica, Dragan"]
[Black "Stojanovic, Andjelija"]
[Result "0-1"]
[WhiteElo "2151"]
[BlackElo "2313"]
[PlyCount "64"]
[EventDate "2015.07.25"]

1. Nf3 Nf6 2. g3 b5 3. Bg2 Bb7 4. O-O e6 5. b3 c5 6. Bb2 Be7 7. d3 d5 8. c4 a6
9. d4 dxc4 10. bxc4 Nbd7 11. Nc3 bxc4 12. Qa4 cxd4 13. Nxd4 Bxg2 14. Kxg2 Qb6
15. Nd1 Qb4 16. Qxb4 Bxb4 17. Nc6 Bd2 18. Nc3 Rc8 19. Na5 Nd5 20. Nxd5 exd5 21.
Nb7 O-O 22. Ba3 Rb8 23. Bxf8 Kxf8 24. Nd6 g6 25. e4 Ke7 26. Nxf7 Kxf7 27. exd5
c3 28. Kf3 Re8 29. Rab1 Re5 30. Rb7 Rxd5 31. Ke4 Ke6 32. Rc7 Nc5+ 0-1

[Event "6. OPEN International Ch of Vojvodina 20"]
[Site "Novi Sad"]
[Date "2015.07.30"]
[Round "8.12"]
[White "Ileana, George"]
[Black "Nomin-Erdene, Davaademberel"]
[Result "1/2-1/2"]
[WhiteElo "2132"]
[BlackElo "2303"]
[PlyCount "120"]
[EventDate "2015.07.25"]

1. e4 c6 2. d4 d5 3. e5 Bf5 4. c3 e6 5. Be3 Nd7 6. Nd2 Rc8 7. f4 Qb6 8. Qb3 Ne7
9. Ngf3 Bg6 10. Bf2 h5 11. Be2 Nf5 12. Nh4 Nxh4 13. Bxh4 c5 14. Bf2 cxd4 15.
Bxd4 Bc5 16. Qxb6 Bxb6 17. Nb3 a6 18. O-O Ke7 19. Rfc1 f6 20. a4 fxe5 21. fxe5
Rc6 22. a5 Bc7 23. Re1 Rf8 24. Ra4 Bxe5 25. Bxe5 Nxe5 26. Nd4 Rd6 27. Rb4 Rb8
28. Bxa6 Rxa6 29. Rxe5 Kf6 30. Re1 e5 31. Nb3 Rc6 32. Rb5 Bd3 33. Rxd5 Bc4 34.
Rdxe5 Bxb3 35. Rxh5 Bc4 36. Rh3 Rd8 37. Rf3+ Kg6 38. h3 Rc7 39. b4 Rd3 40. Ree3
Rxe3 41. Rxe3 Kf5 42. Kf2 Rd7 43. Rg3 g6 44. Rg4 Rd2+ 45. Ke1 Re2+ 46. Kd1 Re4
47. Rg3 Rf4 48. Kd2 g5 49. Kd1 Rf2 50. Ke1 Re2+ 51. Kd1 Rf2 52. Ke1 Re2+ 53.
Kd1 Ra2 54. Ke1 Bd5 55. Kf1 Rc2 56. Kg1 Rc1+ 57. Kf2 Rc2+ 58. Kg1 Rc1+ 59. Kf2
Rc2+ 60. Kg1 Rc1+ 1/2-1/2

[Event "6. OPEN International Ch of Vojvodina 20"]
[Site "Novi Sad"]
[Date "2015.07.30"]
[Round "8.13"]
[White "Aydincelebi, Kagan"]
[Black "Nikolovski, Nikola"]
[Result "1/2-1/2"]
[WhiteElo "1910"]
[BlackElo "2293"]
[PlyCount "98"]
[EventDate "2015.07.25"]

1. e4 c5 2. Nf3 d6 3. Bb5+ Bd7 4. Bxd7+ Qxd7 5. O-O Nc6 6. c3 Nf6 7. Re1 e6 8.
d4 cxd4 9. cxd4 d5 10. e5 Ne4 11. a3 Be7 12. Qd3 Na5 13. Nbd2 Nxd2 14. Bxd2 Nc4
15. Bc3 Qb5 16. Qe2 O-O 17. Nd2 Rfc8 18. Nxc4 Rxc4 19. Qg4 Rac8 20. h4 Qb3 21.
h5 Bf8 22. f4 g6 23. hxg6 hxg6 24. Re3 Qc2 25. Qh4 Rxc3 26. bxc3 Rxc3 27. Qf2
Qb3 28. Rxc3 Qxc3 29. Rb1 b6 30. a4 Ba3 31. Rd1 Qb3 32. Qf3 Qxa4 33. g4 Bb2 34.
Qd3 Qc4 35. Qd2 Qc3 36. Qxc3 Bxc3 37. Kf2 b5 38. Ke3 a5 39. Kd3 b4 40. Rc1 Kf8
41. Rc2 g5 42. fxg5 a4 43. g6 fxg6 44. Rxc3 bxc3 45. Kxc3 Ke7 46. Kb4 Kd7 47.
Kxa4 Kc6 48. Ka5 Kb7 49. Kb5 g5 1/2-1/2

[Event "6. OPEN International Ch of Vojvodina 20"]
[Site "Novi Sad"]
[Date "2015.07.30"]
[Round "8.14"]
[White "Mrkonjic, Nenad"]
[Black "Velikic, Adela"]
[Result "1-0"]
[WhiteElo "2380"]
[BlackElo "2128"]
[PlyCount "81"]
[EventDate "2015.07.25"]

1. d4 d5 2. c4 dxc4 3. Nf3 Nf6 4. Nc3 c6 5. a4 Bf5 6. e3 e6 7. Bxc4 Bb4 8. O-O
O-O 9. Bd2 c5 10. Ne2 Bxd2 11. Nxd2 Nc6 12. Nb3 Na5 13. Nxa5 Qxa5 14. Qb3 Ne4
15. Rfc1 Nd2 16. Qa3 Rac8 17. Ba2 Qa6 18. Ng3 cxd4 19. Nxf5 Rxc1+ 20. Rxc1 exf5
21. exd4 Qf6 22. Qe3 Ne4 23. Bd5 Nd6 24. Qe5 Qd8 25. g3 Re8 26. Qf4 g6 27. Rd1
Kg7 28. Qf3 Qb6 29. b3 Qb4 30. Kg2 Re7 31. Rd3 Re1 32. Re3 Rc1 33. Qf4 Rd1 34.
Re7 Rxd4 35. Qe5+ Kh6 36. Rd7 Ne4 37. Rxf7 Ng5 38. Rxb7 Qd2 39. h4 Rxd5 40.
hxg5+ Kxg5 41. Qe7+ 1-0

[Event "6. OPEN International Ch of Vojvodina 20"]
[Site "Novi Sad"]
[Date "2015.07.30"]
[Round "8.15"]
[White "Tisma, Ivan"]
[Black "Nestorovic, Dejan"]
[Result "0-1"]
[WhiteElo "2206"]
[BlackElo "2408"]
[PlyCount "102"]
[EventDate "2015.07.25"]

1. c4 e5 2. g3 Nf6 3. Bg2 d5 4. cxd5 Nxd5 5. Nc3 Nb6 6. Nf3 Nc6 7. d3 Be7 8.
O-O O-O 9. Bd2 Re8 10. a3 Bf8 11. Na4 Rb8 12. Nxb6 axb6 13. Bc3 g6 14. e3 Bg7
15. Rc1 Be6 16. Qc2 Qe7 17. Rfd1 Rbd8 18. b4 b5 19. Qb2 f6 20. Bf1 Bf7 21. d4
e4 22. Nd2 Na7 23. Nb3 c6 24. Ra1 Nc8 25. a4 Nd6 26. a5 Ra8 27. Rdc1 Bd5 28.
Be1 Nf7 29. h4 f5 30. Rc5 Qe6 31. Nc1 g5 32. h5 Nd6 33. Bc3 f4 34. exf4 gxf4
35. Ne2 Bh6 36. Bd2 e3 37. fxe3 fxg3 38. Nf4 Bxf4 39. exf4 Qe4 40. Rxd5 Qxd5
41. Ra3 Nf5 42. Bg2 Qxd4+ 43. Qxd4 Nxd4 44. Rxg3+ Kf7 45. Rg5 Rad8 46. Kh1 Re2
47. Bc3 Rc2 48. Bxd4 Rxd4 49. h6 Rxf4 50. Rg7+ Kf6 51. Kg1 Rxb4 0-1

[Event "6. OPEN International Ch of Vojvodina 20"]
[Site "Novi Sad"]
[Date "2015.07.30"]
[Round "8.16"]
[White "Dronjic, Sinisa"]
[Black "Rogac, Srdjan"]
[Result "1/2-1/2"]
[WhiteElo "2170"]
[BlackElo "2385"]
[PlyCount "27"]
[EventDate "2015.07.25"]

1. Nf3 c5 2. c4 Nc6 3. g3 g6 4. Bg2 Bg7 5. O-O e5 6. Nc3 Nge7 7. d3 O-O 8. Ne1
d6 9. Nc2 Be6 10. Ne3 f5 11. Ned5 h6 12. Rb1 Qd7 13. Qa4 Rac8 14. a3 1/2-1/2

[Event "6. OPEN International Ch of Vojvodina 20"]
[Site "Novi Sad"]
[Date "2015.07.30"]
[Round "8.17"]
[White "Leskur, Dejan"]
[Black "Pecelj, Nedeljko"]
[Result "1-0"]
[WhiteElo "2384"]
[BlackElo "2182"]
[PlyCount "79"]
[EventDate "2015.07.25"]

1. Nf3 d5 2. b3 Nf6 3. Bb2 e6 4. e3 c5 5. d4 Be7 6. Bd3 Nc6 7. O-O O-O 8. a3 b6
9. Nbd2 Bb7 10. c4 Rc8 11. Qe2 Re8 12. Rac1 cxd4 13. exd4 Na5 14. c5 Nc6 15. b4
Nb8 16. Ne5 Rf8 17. Nb3 Nfd7 18. f4 Nxe5 19. fxe5 a6 20. a4 bxc5 21. dxc5 Nc6
22. b5 Na5 23. Nxa5 Qxa5 24. c6 Ba8 25. Qc2 g6 26. Rf3 Bg5 27. Rcf1 axb5 28.
axb5 Qb6+ 29. Kh1 Bxc6 30. bxc6 Rxc6 31. Qe2 Rb8 32. Ba3 Rb7 33. Bd6 Be7 34.
Rxf7 Bxd6 35. Qf3 Rcc7 36. Rf8+ Kg7 37. Qf6+ Kh6 38. Qh4+ Kg7 39. Bxg6 Kxg6 40.
Qg4+ 1-0

[Event "6. OPEN International Ch of Vojvodina 20"]
[Site "Novi Sad"]
[Date "2015.07.30"]
[Round "8.18"]
[White "Stikovic, Dobrica"]
[Black "Bergez, Luc"]
[Result "0-1"]
[WhiteElo "2194"]
[BlackElo "2341"]
[PlyCount "52"]
[EventDate "2015.07.25"]

1. c4 Nf6 2. Nc3 g6 3. Nf3 Bg7 4. g3 O-O 5. Bg2 d6 6. d4 Nbd7 7. O-O e5 8. e4
exd4 9. Nxd4 Re8 10. b3 c6 11. Bb2 Nc5 12. Re1 a5 13. Rb1 Ng4 14. h3 Ne5 15.
Re3 a4 16. f4 axb3 17. axb3 Ned7 18. b4 Na6 19. b5 Nb4 20. bxc6 bxc6 21. e5
dxe5 22. Ndb5 Qb6 23. Bc1 exf4 24. Rxb4 fxe3 25. Ne2 cxb5 26. Bxa8 Qa5 0-1

[Event "6. OPEN International Ch of Vojvodina 20"]
[Site "Novi Sad"]
[Date "2015.07.30"]
[Round "8.19"]
[White "Maryasin, Boris"]
[Black "Brinovec, Dusan"]
[Result "1-0"]
[WhiteElo "2332"]
[BlackElo "2193"]
[PlyCount "101"]
[EventDate "2015.07.25"]

1. e4 e6 2. d4 d5 3. e5 c5 4. c3 Nc6 5. Nf3 Qb6 6. a3 Bd7 7. b4 cxd4 8. cxd4
Rc8 9. Be3 a6 10. Bd3 Na7 11. O-O Bb5 12. Bxb5+ axb5 13. Nbd2 Ne7 14. Nb3 Nec6
15. Qd3 h6 16. Nfd2 Be7 17. f4 g6 18. Nf3 Ra8 19. Nc5 Bxc5 20. dxc5 Qa6 21. Bf2
Qa4 22. h3 h5 23. Bh4 Nc8 24. Bf6 Rg8 25. g4 hxg4 26. hxg4 N8e7 27. Kg2 Rd8 28.
Rh1 Rd7 29. Rad1 d4 30. Bxe7 Nxe7 31. Nxd4 Nc6 32. Qc3 Nxd4 33. Rxd4 Rxd4 34.
Qxd4 Qc2+ 35. Qf2 Qe4+ 36. Qf3 Qxf3+ 37. Kxf3 Ke7 38. Rd1 Ra8 39. Rd3 Rh8 40.
Kg3 Rh1 41. Rd6 Ra1 42. Rb6 g5 43. Rxb7+ Kf8 44. fxg5 Rxa3+ 45. Kf4 Rc3 46.
Rxb5 Rc4+ 47. Kf3 Kg7 48. Rb7 Kg6 49. Ke3 Kxg5 50. Kd3 Rxg4 51. c6 1-0

[Event "6. OPEN International Ch of Vojvodina 20"]
[Site "Novi Sad"]
[Date "2015.07.30"]
[Round "8.20"]
[White "Besedes, Danilo"]
[Black "Stojkovic, Nenad P"]
[Result "1-0"]
[WhiteElo "2307"]
[BlackElo "2096"]
[PlyCount "107"]
[EventDate "2015.07.25"]

1. b3 d5 2. Bb2 Nf6 3. e3 Bf5 4. Nf3 h6 5. c4 e6 6. Be2 Be7 7. O-O O-O 8. Nc3
c6 9. d4 Nbd7 10. h3 a6 11. Bd3 Bxd3 12. Qxd3 dxc4 13. bxc4 b5 14. Rfd1 Nb6 15.
Ne5 Qc7 16. Rac1 b4 17. Ne4 Rfd8 18. Nxf6+ Bxf6 19. Ng4 Be7 20. Qe4 Na4 21. Ba1
Rac8 22. c5 Nc3 23. Bxc3 bxc3 24. Rxc3 Rd5 25. Rb1 h5 26. Ne5 f5 27. Qc2 Bf6
28. Nc4 Rf8 29. Nb6 Rdd8 30. Rd1 g5 31. Qe2 Kg7 32. Nc4 g4 33. hxg4 hxg4 34.
Nd6 Be7 35. Qxa6 Rb8 36. Qc4 Rf6 37. Rb3 Rh6 38. Rxb8 Qxb8 39. Qb3 Qh8 40. Kf1
Rh1+ 41. Ke2 Rxd1 42. Qxd1 Qh2 43. Qb3 Bxd6 44. cxd6 Qxg2 45. Qxe6 Qf3+ 46. Ke1
g3 47. Qe5+ Kf7 48. Qxg3 Qh1+ 49. Ke2 Qd5 50. Qe5 Qxa2+ 51. Kf3 Kg6 52. d7 Qb1
53. d8=Q Qd1+ 54. Kg2 1-0

[Event "6. OPEN International Ch of Vojvodina 20"]
[Site "Novi Sad"]
[Date "2015.07.30"]
[Round "8.21"]
[White "Jovic, Stevan"]
[Black "Mikheev, Stanislav"]
[Result "1-0"]
[WhiteElo "2168"]
[BlackElo "2303"]
[PlyCount "63"]
[EventDate "2015.07.25"]

1. d4 Nf6 2. Bg5 Ne4 3. Bf4 c5 4. f3 Qa5+ 5. c3 Nf6 6. d5 Qb6 7. b3 e6 8. e4
exd5 9. exd5 Bd6 10. Bg5 Be7 11. Bc4 d6 12. Ne2 Nbd7 13. Ng3 Ne5 14. Bxf6 Bxf6
15. Nh5 Nxc4 16. Nxf6+ gxf6 17. bxc4 Rg8 18. O-O Qb2 19. Re1+ Kf8 20. Nd2 Bh3
21. Re2 Re8 22. Rxe8+ Kxe8 23. g3 Qxc3 24. Qe2+ Kd8 25. Re1 Qd4+ 26. Kh1 Bd7
27. Qe7+ Kc7 28. Ne4 Re8 29. Qxd6+ Kc8 30. Qf4 Kd8 31. Qb8+ Bc8 32. d6 1-0

[Event "6. OPEN International Ch of Vojvodina 20"]
[Site "Novi Sad"]
[Date "2015.07.30"]
[Round "8.22"]
[White "Popov, Jovan"]
[Black "Banas, Jan"]
[Result "0-1"]
[WhiteElo "2156"]
[BlackElo "2279"]
[PlyCount "118"]
[EventDate "2015.07.25"]

1. d4 Nf6 2. c4 g6 3. Nc3 d5 4. Qb3 dxc4 5. Qxc4 Bg7 6. e4 c6 7. Nf3 O-O 8. Be2
b5 9. Qb3 Qa5 10. Bd2 b4 11. e5 bxc3 12. Bxc3 Qb6 13. exf6 Bxf6 14. Bc4 e6 15.
O-O Nd7 16. Qa3 Qc7 17. Rac1 Nb6 18. Ba5 Bb7 19. d5 Qf4 20. Bd2 Nxc4 21. Qxf8+
Kxf8 22. Bxf4 cxd5 23. b3 Nb6 24. Rc7 Ba6 25. Rfc1 Bd8 26. R7c2 f6 27. Bd6+ Ke8
28. a4 e5 29. Nd2 d4 30. Rc5 Nd7 31. Rc6 Bb7 32. R6c4 Kf7 33. Bc7 Bd5 34. R4c2
Be7 35. Ba5 Ba3 36. Ra1 Bd6 37. Nc4 Be7 38. Nd2 Ke6 39. Kf1 Nc5 40. Rb1 Rb8 41.
Rxc5 Bxc5 42. b4 Bd6 43. f3 f5 44. g3 e4 45. fxe4 fxe4 46. Ke2 Rf8 47. Rf1 Rxf1
48. Nxf1 Bc4+ 49. Ke1 e3 50. b5 Kd5 51. g4 Bxf1 52. Kxf1 Ke4 53. Be1 Kf3 54. a5
Bxh2 55. Bh4 Bc7 56. b6 axb6 57. axb6 Bb8 58. Bf6 e2+ 59. Ke1 Bg3+ 0-1

[Event "6. OPEN International Ch of Vojvodina 20"]
[Site "Novi Sad"]
[Date "2015.07.30"]
[Round "8.23"]
[White "Kozhabekov, Adilkhan"]
[Black "Kumic, Filip"]
[Result "0-1"]
[WhiteElo "2161"]
[BlackElo "2253"]
[PlyCount "76"]
[EventDate "2015.07.25"]

1. e4 e5 2. Nf3 Nc6 3. Nc3 Nf6 4. Bb5 Bd6 5. O-O O-O 6. h3 Re8 7. Re1 a6 8. Ba4
h6 9. a3 Nd4 10. Nd5 Ne6 11. Nxf6+ Qxf6 12. c3 b5 13. Bc2 c5 14. d3 Bb7 15. Nh2
Qd8 16. Qg4 Nf4 17. g3 Ng6 18. h4 Kh8 19. h5 Nf8 20. f4 Nh7 21. Nf3 Qe7 22. Bd2
Bc7 23. Rf1 d6 24. f5 d5 25. Nh4 Nf6 26. Qe2 c4 27. exd5 cxd3 28. Qxd3 e4 29.
Qe2 Bxd5 30. Bf4 Bc4 31. Qe3 Nd5 32. Qe1 Bxf1 33. f6 Qxf6 34. Bxc7 Bd3 35. Bxd3
exd3 36. Qf1 Qxf1+ 37. Rxf1 Nxc7 38. Rxf7 d2 0-1

[Event "6. OPEN International Ch of Vojvodina 20"]
[Site "Novi Sad"]
[Date "2015.07.30"]
[Round "8.24"]
[White "Drljevic, Ljilja"]
[Black "Ujhazi, Ivan"]
[Result "0-1"]
[WhiteElo "2140"]
[BlackElo "2231"]
[PlyCount "76"]
[EventDate "2015.07.25"]

1. e4 c5 2. d3 Nc6 3. g3 d5 4. Nd2 Nf6 5. Bg2 Bg4 6. Ngf3 e6 7. O-O Be7 8. Re1
O-O 9. e5 Nd7 10. h3 Bh5 11. g4 Bg6 12. Nf1 Qc7 13. Bf4 Rfe8 14. Qd2 Qb6 15. g5
Qxb2 16. Rab1 Qa3 17. Ng3 c4 18. Rxb7 Nb6 19. Rc1 Na5 20. Rxe7 Rxe7 21. Bf1 Rc8
22. Nd4 cxd3 23. cxd3 Rxc1 24. Qxc1 Qxc1 25. Bxc1 Rc7 26. Bd2 Nb7 27. f4 Nd7
28. Kf2 Nbc5 29. Ke3 Rb7 30. a3 Nb3 31. Bb4 Ndc5 32. f5 exf5 33. Ngxf5 a5 34.
Be1 Nxd4 35. Nxd4 Rb1 36. Nc2 Rc1 37. d4 Bxc2 38. dxc5 Rxe1+ 0-1

[Event "6. OPEN International Ch of Vojvodina 20"]
[Site "Novi Sad"]
[Date "2015.07.30"]
[Round "8.25"]
[White "Matovic, Mihajlo Z"]
[Black "Elez, Nikola"]
[Result "0-1"]
[WhiteElo "2100"]
[BlackElo "2222"]
[PlyCount "62"]
[EventDate "2015.07.25"]

1. e4 g6 2. d4 Bg7 3. Nc3 Nc6 4. d5 Nd4 5. Be3 c5 6. Na4 Qa5+ 7. c3 Nb5 8. Bd2
Nd6 9. c4 Qc7 10. Bc3 f6 11. Bd3 b5 12. cxb5 c4 13. Bc2 Nxb5 14. Ne2 Nh6 15.
O-O O-O 16. Nd4 Nxc3 17. Nxc3 Rb8 18. Rb1 Nf7 19. f4 Rd8 20. Kh1 e5 21. Ndb5
Qc5 22. b4 cxb3 23. Rxb3 Ba6 24. Na4 Qe7 25. Bd3 exf4 26. Rxf4 Ne5 27. Bf1 Bh6
28. d6 Qf8 29. Rf2 Bxb5 30. Bxb5 Rdc8 31. Ba6 Rc1 0-1

[Event "6. OPEN International Ch of Vojvodina 20"]
[Site "Novi Sad"]
[Date "2015.07.30"]
[Round "8.26"]
[White "Mihalj, Miroslav M"]
[Black "Zegarac, Vuk"]
[Result "1-0"]
[WhiteElo "2216"]
[BlackElo "2180"]
[PlyCount "61"]
[EventDate "2015.07.25"]

1. e4 c5 2. Nf3 e6 3. b3 d6 4. Bb2 Nf6 5. e5 dxe5 6. Nxe5 Be7 7. Bd3 O-O 8. O-O
Nbd7 9. f4 Re8 10. Na3 Nf8 11. Nac4 Qc7 12. Qf3 Bd7 13. a4 Ng6 14. Rae1 a6 15.
Nxf7 Kxf7 16. Ne5+ Kf8 17. Qh3 c4 18. Bxg6 Bc5+ 19. Kh1 hxg6 20. Qh8+ Ke7 21.
Qxg7+ Kd8 22. Qxf6+ Kc8 23. Nxc4 b5 24. Ne5 bxa4 25. Nxd7 Kxd7 26. bxa4 Qb6 27.
Bc3 Qc6 28. a5 Be7 29. Qxg6 Rg8 30. Qd3+ Kc7 31. Qe4 1-0